[Event "URU-ch Semi Final 2020"]
[Site "Montevideo"]
[Date "2020.02.25"]
[Round "7.21"]
[White "Lanaro, Emilio"]
[Black "Blanco, Rudemar Ernesto"]
[Result "1-0"]
[WhiteElo "1670"]
[BlackElo "1470"]
[Annotator "NA RC"]
[PlyCount "55"]
[EventDate "2020.02.22"]
[EventType "swiss"]
[EventCountry "URU"]
[SourceTitle "playchess.com"]
[Source "ChessBase"]
[SourceQuality "1"]
[TimeControl "5400+30"]

1. e4 {[%emt 0:00:00]} d5 {[%emt 0:00:00]} 2. exd5 {[%emt 0:00:00]} Qxd5 {[%emt 0:00:05]} 3. Nc3 {[%emt 0:00:00]} Qd6 {[%emt 0:00:21]} 4. d4 {[%emt 0:00:36]} c6 {[%emt 0:00:19]} 5. Nf3 {[%emt 0:01:58]} Bg4 {[%emt 0:00:23]} 6. h3 {[%emt 0:03:07]} Bh5 {[%emt 0:02:04]} 7. Be2 {[%emt 0:07:22]} Nf6 {[%emt 0:01:06]} 8. Be3 {[%emt 0:01:29]} e6 {[%emt 0:00:24]} 9. Qd2 {[%emt 0:01:40]} Qc7 {[%emt 0:03:11]} 10. g4 {[%emt 0:08:02]} Bg6 {[%emt 0:00:34]} 11. Ne5 {[%emt 0:04:54]} Nbd7 {[%emt 0:04:19]} 12. f4 {[%emt 0:04:36]} Nxe5 {[%emt 0:06:46]} 13. fxe5 {[%emt 0:00:12]} Ne4 {[%emt 0:05:34]} 14. Nxe4 {[%emt 0:00:20]} Bxe4 {[%emt 0:00:07]} 15. Rg1 {[%emt 0:00:12]} O-O-O {[%emt 0:01:33]} 16. O-O-O {[%emt 0:04:38]} c5 {[%emt 0:01:40]} 17. Qc3 {[%emt 0:01:09]} cxd4 {[%emt 0:02:08]} 18. Qxc7+ {[%emt 0:00:11]} Kxc7 {[%emt 0:00:19]} 19. Rxd4 {[%emt 0:04:47]} Be7 {[%emt 0:02:14]} 20. Rxe4 {[%emt 0:00:44]} a6 {[%emt 0:01:13]} 21. Rc4+ {[%emt 0:08:17]} Kb8 {[%emt 0:00:12]} 22. Rd4 {[%emt 0:02:12]} Rxd4 {[%emt 0:00:39]} 23. Bxd4 {[%emt 0:00:10]} Bg5+ {[%emt 0:00:28]} 24. Kb1 {[%emt 0:00:24]} Rd8 {[%emt 0:00:26]} 25. Rd1 {[%emt 0:01:26]} Rc8 {[%emt 0:00:56]} 26. Bf3 {[%emt 0:06:55]} Rc7 {[%emt 0:01:41]} 27. Bb6 {[%emt 0:01:36]} Rc8 {[%emt 0:00:12]} 28. Rd7 {[%emt 0:02:32]} 1-0

[Event "URU-ch Semi Final 2020"]
[Site "Montevideo"]
[Date "2020.02.25"]
[Round "8.4"]
[White "Carbone, Diego"]
[Black "Muniz, Rafael"]
[Result "1/2-1/2"]
[WhiteElo "2239"]
[BlackElo "2232"]
[Annotator "TA"]
[PlyCount "22"]
[EventDate "2020.02.22"]
[EventType "swiss"]
[EventCountry "URU"]
[SourceTitle "playchess.com"]
[Source "ChessBase"]
[SourceQuality "1"]

{[%evp 10,22,31,33,89,80,73,77,140,158,152,91,129,106,113]} 1. d4 Nf6 2. c4 c5 3. Nf3 cxd4 4. Nxd4 e5 5. Nb5 d5 6. cxd5 {Black must now prevent d6.} a6 {A31: Symmetrical English: 2 Nf3 Nf6 3 d4.} (6... Bb4+ $14 7. N1c3 O-O) 7. N5c3 $16 Bc5 8. e3 e4 ({Black should play} 8... Bf5) 9. Nxe4 Bb4+ 10. Nec3 ({White should try} 10. Bd2 Nxe4 11. Bxb4 Nxf2 {[%mdl 64] Decoy} 12. Kxf2 Qh4+ 13. g3 Qxb4 14. Qd2) 10... Nxd5 {[#]} 11. e4 $146 ({Predecessor:} 11. Bd2 Nf6 12. Qa4+ Nc6 13. Be2 Bf5 14. Bf3 Qd6 15. Nb5 axb5 16. Qxa8+ Nd8 17. O-O O-O 18. Bxb4 Qxb4 19. Qa3 Qh4 {1-0 (19) Ramirez,H (2104)-Munoz Monroy,C (1911) Mosquera 2014}) 11... Nxc3 1/2-1/2

[Event "URU-ch Semi Final 2020"]
[Site "Montevideo"]
[Date "2020.02.25"]
[Round "8.5"]
[White "Dominguez, Facundo"]
[Black "Izquierdo, Daniel"]
[Result "1-0"]
[WhiteElo "2135"]
[BlackElo "2134"]
[Annotator "TA"]
[PlyCount "101"]
[EventDate "2020.02.22"]
[EventType "swiss"]
[EventCountry "URU"]
[SourceTitle "playchess.com"]
[Source "ChessBase"]
[SourceQuality "1"]

{[%evp 9,101,8,82,29,41,18,24,25,27,0,4,10,58,58,122,129,127,121,126,95,98,104,104,99,162,133,143,99,108,101,97,64,273,275,275,264,271,247,247,247,247,247,246,246,273,237,238,218,231,231,233,225,229,218,226,226,234,226,273,255,302,301,278,247,292,292,327,329,532,527,650,633,625,641,1543,1501,2455,2534,2154,2297,1972,1191,1880,1879,1705,1080,1693,1446,2392,2254,29991,29992,29992,29993]} 1. e4 c5 2. Nf3 e6 3. b3 Nf6 4. e5 Nd5 5. Bb2 g6 {[#]} (5... Be7 $11) 6. Nc3 $146 {B40: Sicilian: 2...e6, Unusual lines.} (6. c4 $16 Nb4 7. d4) ({Predecessor:} 6. c4 Nb4 7. Nc3 d5 8. exd6 Bg7 9. Be2 O-O 10. O-O Qxd6 11. Ne4 Qc6 12. Nf6+ Kh8 13. a3 {1-0 (38) Kayumov,S (2479)-Mustafaev,J (2346) Bukhara 2008}) 6... Nxc3 $11 7. Bxc3 Bg7 8. h4 {White has an edge.} h5 9. Bd3 Nc6 10. Qe2 d5 11. exd6 $1 {[%mdl 64] [#] Discovered Attack} Bxc3 (11... Nd4 $14 12. Nxd4 cxd4) 12. dxc3 $16 Qxd6 13. O-O-O $36 {[%mdl 2048] Keeping Black busy.} Bd7 14. Ng5 Qe7 15. Ne4 O-O-O 16. Qe3 b6 (16... f5 $16) 17. Ba6+ Kb8 18. Qg3+ e5 19. Bb5 Kc7 20. Qg5 Rhe8 $2 {This move loses the game for Black.} (20... Qxg5+ $14 21. Nxg5 Rdf8) 21. Nf6 $18 {Strongly threatening Nd5+.} Bf5 22. Nxe8+ Rxe8 23. Qxe7+ Rxe7 24. Bxc6 Kxc6 {[%mdl 4096] Endgame KRR-KRB} 25. c4 Kc7 26. Rhe1 Bd7 27. a4 Bc6 28. g3 Bf3 29. Rd3 Bc6 30. Kd2 Re6 31. Rd1 Rf6 32. Ke1 Re6 33. Rd8 Re7 34. Rf8 Be8 35. Ke2 Bd7 36. Rd5 Be8 37. a5 {[%cal Ba4a5,Ba5a6][%mdl 32]} Bd7 38. Ke3 Be8 $2 (38... Bf5 39. c3 Bc2) 39. a6 f5 40. Rf6 Bf7 41. Rdd6 e4 42. Rc6+ Kb8 43. Rfd6 {[%cal Rd6d8]} Re8 44. Rd7 {White threatens Rb7+ and mate.} Be6 45. Rb7+ Ka8 46. Rcc7 Bc8 47. Rxa7+ Kb8 48. Rg7 Re6 49. Rae7 Rc6 50. a7+ Ka8 {[#]} 51. Rg8 $1 {Accuracy: White = 85%, Black = 61%.} 1-0

[Event "URU-ch Semi Final 2020"]
[Site "Montevideo"]
[Date "2020.02.25"]
[Round "8.6"]
[White "Suarez, Pedro"]
[Black "Lopez Falcon, Jorge"]
[Result "1/2-1/2"]
[WhiteElo "2063"]
[BlackElo "2119"]
[Annotator "TA"]
[PlyCount "66"]
[EventDate "2020.02.22"]
[EventType "swiss"]
[EventCountry "URU"]
[SourceTitle "playchess.com"]
[Source "ChessBase"]
[SourceQuality "1"]

{[%evp 25,66,37,31,27,32,53,53,52,35,16,43,13,56,-24,-30,-85,-27,-12,-18,-22,-20,-25,-22,-50,-64,-60,54,36,64,44,116,124,113,51,26,0,9,0,8,-24,-5,-15,58]} 1. d4 Nf6 2. c4 e6 3. Nc3 Bb4 4. e3 d5 5. Bd3 O-O 6. Nge2 c5 7. cxd5 cxd4 8. exd4 Nxd5 9. O-O Nc6 10. a3 Be7 11. Bc2 Nxc3 12. bxc3 Bf6 13. Qd3 g6 14. Bh6 {E48: Nimzo-Indian: Rubinstein: 5 Bd3 d5 including 6 Ne2, but excluding 6 a3.} Re8 15. Ng3 {[#]} b6 $146 ({Predecessor:} 15... e5 16. d5 Ne7 17. Qf3 Bg7 18. Bxg7 Kxg7 19. Rad1 Ng8 20. c4 Nf6 21. Qc3 Bg4 22. f3 Bd7 23. f4 Qc7 24. Rd2 exf4 25. Rdf2 g5 26. Nh5+ {1-0 (26) Niklasch,O (2345)-Biehler,T (2335) Germany 1998}) 16. Ne4 {White is slightly better.} Bg7 17. Bg5 f6 18. Bh4 Na5 19. Rfd1 ({White should try} 19. Qf3 $14) 19... Bb7 $11 20. c4 {[#]} (20. f3 $11) 20... Bxe4 (20... g5 $1 $17 {[%cal Rg5h4]} 21. Bg3 Bxe4 22. Qxe4 f5) 21. Qxe4 Nxc4 22. Ba4 Nd6 23. Qe2 Re7 24. Rac1 Nf5 25. Bg3 Nxd4 (25... Bh6 $15 26. Rc4 Rc8) 26. Qc4 $14 f5 {Strongly threatening ...Qd5.} 27. Bh4 $36 {[%mdl 2048] [#] White is pushing.} Kf7 ({Better is} 27... Rc7 $1 $14 {[%mdl 512]} 28. Bxd8 (28. Qxc7 Qxh4) 28... Rxc4 29. Rxc4 Rxd8) 28. Bxe7 $16 Kxe7 29. h3 ({Reject} 29. Bc6 $6 Rc8 $11) (29. Qb4+ $16 Kf7 30. Rc4) 29... Kf8 30. Bb3 {aiming for Rxd4!} Qd6 31. a4 Rd8 32. Re1 a5 33. Rcd1 Qd5 {Accuracy: White = 55%, Black = 62%.} (33... Re8 $11) 1/2-1/2

[Event "URU-ch Semi Final 2020"]
[Site "Montevideo"]
[Date "2020.02.25"]
[Round "8.7"]
[White "Guerrero, Alvaro"]
[Black "Larrea, Manuel"]
[Result "1-0"]
[WhiteElo "2094"]
[BlackElo "2243"]
[Annotator "TA"]
[PlyCount "79"]
[EventDate "2020.02.22"]
[EventType "swiss"]
[EventCountry "URU"]
[SourceTitle "playchess.com"]
[Source "ChessBase"]
[SourceQuality "1"]

{[%evp 16,79,0,0,0,0,0,0,0,0,0,0,0,2,26,19,21,24,17,12,15,3,6,-16,-16,-16,-16,-16,-16,-16,-16,-24,-24,-53,14,0,122,108,106,119,122,47,128,63,122,111,261,256,606,397,476,460,387,220,1010,1007,998,923,29971,29968,29968,29969,29986,5247,29987,1874]} 1. e4 c5 2. d3 Nc6 3. Nf3 g6 4. g3 Bg7 5. Bg2 e6 6. c3 Nge7 7. h4 d5 8. Qe2 h6 9. O-O b6 {A08: King's Indian Attack.} 10. Na3 O-O 11. e5 Ba6 {The position is equal.} 12. Bf4 Nf5 13. Rfe1 Qe7 14. Nc2 Rad8 15. Qd2 d4 16. c4 Bb7 {[#]} 17. Rab1 $146 ({Predecessor:} 17. Nh2 Nxe5 18. Bxb7 Qxb7 19. Bxe5 f6 20. Bxf6 Bxf6 21. Rxe6 Qf7 22. Rae1 Bg7 23. R6e4 {1-0 (46) Fedorov,A (2589)-Miezis,N (2497) Jurmala 2017}) 17... a5 18. b3 Nb4 19. Nxb4 axb4 20. g4 Bxf3 21. gxf5 Bxg2 22. f6 Qb7 $1 {[%cal Rb7f3] White must now prevent ...Qf3.} ({Don't play} 22... Bxf6 $6 23. exf6 Qb7 24. Bxh6 $16) 23. fxg7 Rfe8 {Threatens to win with ...Bh3.} 24. Bxh6 Ra8 (24... Qf3 $15) 25. Qg5 $36 {[%mdl 2048] White has good play.} Bh3 (25... Bf3 $11) 26. Qg3 $16 Bf5 27. Rb2 $1 Ra7 28. Ree2 (28. f3 $1 $16) 28... Rea8 ({Much worse is} 28... Kh7 $6 29. Bg5 $18) (28... b5 $1 $14) 29. f4 (29. f3 $16) 29... Kh7 (29... b5 $14) 30. h5 gxh5 {Loses the game.} (30... Kxh6 $16 {keeps fighting.} 31. hxg6 Kxg7) 31. Rh2 $18 Bg6 $2 (31... Bg4) 32. Rbg2 Kg8 {If only Black now had time for ...h4....} 33. Bg5 b5 {[#] White should prevent ...bxc4.} 34. cxb5 (34. f5 $142 $1 {[%mdl 512]} exf5 35. Bc1) 34... Qxb5 $2 {[#]} (34... c4 35. dxc4 (35. bxc4 $2 b3 $19) 35... Qe4) 35. f5 $1 {[%mdl 512]} exf5 36. Qf3 {Intending Bf6 and mate.} Qb7 {[#]} 37. Rxh5 $1 {[%mdl 512]} f6 (37... Bxh5 38. Qxh5) 38. Rh8+ Kxg7 39. Bxf6+ Kf7 {[#]} 40. Qxb7+ {Accuracy: White = 73%, Black = 55%.} (40. Rh7+ $142 $1 {[%mdl 512]} Bxh7 41. Rg7+ {[%mdl 64] Double Attack, Skewer} Ke6 42. Rxb7 Rg8+ 43. Kh2 Rxb7 44. Qxb7 f4 45. Qe7+ {[%mdl 64] Double Attack} Kf5 46. Qxh7+ {[%mdl 64] Double Attack} Ke6 47. Qxg8+ Kd7 48. Qf7+ Kc8 49. e6 Kb8 50. Qd7 Ka8 51. e7 f3 52. e8=Q#) 1-0

[Event "URU-ch Semi Final 2020"]
[Site "Montevideo"]
[Date "2020.02.25"]
[Round "8.8"]
[White "Avedisian, Alexander"]
[Black "Soto, Nicolas"]
[Result "1/2-1/2"]
[WhiteElo "1892"]
[BlackElo "2002"]
[Annotator "TA"]
[PlyCount "46"]
[EventDate "2020.02.22"]
[EventType "swiss"]
[EventCountry "URU"]
[SourceTitle "playchess.com"]
[Source "ChessBase"]
[SourceQuality "1"]

{[%evp 9,46,0,0,0,6,0,0,11,3,-12,45,0,0,0,19,0,0,0,35,-25,-12,-66,-54,-130,-120,-122,-50,-41,-39,-47,-27,-34,-47,-38,-30,-36,-13,-38,-41]} 1. g3 d5 2. Nf3 g6 3. Bg2 Bg7 4. O-O c5 5. d3 Nc6 6. c4 {A08: King's Indian Attack.} dxc4 7. dxc4 Qxd1 8. Rxd1 {The position is equal.} Be6 {[#]} 9. Nc3 $146 ({Predecessor:} 9. Nbd2 Rd8 10. Rf1 h6 11. Rb1 Nf6 12. b3 Bf5 13. Rb2 O-O 14. a3 Ne4 15. Nxe4 Bxb2 16. Nxc5 Bxc1 17. Rxc1 {0-1 (41) Avedisian,A (1812)-Soto,N (1993) Montevideo 2019}) 9... Bxc4 ({Black should try} 9... Bxc3 $11 10. bxc3 Rc8) 10. Be3 Rc8 11. Bxc5 b6 12. Be3 Bxc3 13. bxc3 Bxe2 14. Rd2 (14. Nd4 $14 Bxd1 15. Bxc6+ Rxc6 16. Nxc6) 14... Bc4 15. Rad1 (15. Re1 $11) 15... Nf6 $15 16. Ng5 (16. Bh6 $15 Ng4 17. Bh3) 16... O-O $17 17. h3 h6 ({Black should play} 17... Kg7 $17 18. Ne4 Nxe4 19. Bxe4 Be6) 18. Ne4 $15 Nxe4 19. Bxe4 Kh7 20. Bxc6 Rxc6 21. Rd7 Bxa2 22. Rxa7 Be6 23. Kg2 Rxc3 {Accuracy: White = 58%, Black = 78%.} 1/2-1/2

[Event "URU-ch Semi Final 2020"]
[Site "Montevideo"]
[Date "2020.02.25"]
[Round "8.9"]
[White "Salguero, Rafael"]
[Black "Palacio, Enzo"]
[Result "1-0"]
[WhiteElo "1906"]
[BlackElo "1869"]
[Annotator "TA"]
[PlyCount "77"]
[EventDate "2020.02.22"]
[EventType "swiss"]
[EventCountry "URU"]
[SourceTitle "playchess.com"]
[Source "ChessBase"]
[SourceQuality "1"]

{[%evp 28,77,34,18,45,49,66,37,85,79,87,85,306,314,429,451,633,554,656,645,799,775,1141,1128,1043,966,972,956,950,947,1032,1000,1196,1100,1020,825,802,795,967,910,1034,997,1685,1718,2853,2747,2689,2399,29988,29989,29990,6045]} 1. d4 Nf6 2. c4 g6 3. Nc3 Bg7 4. e4 d6 5. Be2 O-O 6. Nf3 e5 7. d5 a5 8. Bg5 h6 9. Bh4 Na6 10. O-O Qe8 11. b3 Nh7 12. Nd2 h5 13. f3 Bh6 14. a3 Bd7 15. Rb1 f5 {E92: King's Indian: Classical: 6 Be2 e5: 7 dxe5, 7 Be3 and Petrosian System without 7...Nbd7.} 16. b4 axb4 17. axb4 Nf6 {White is slightly better.} 18. Bf2 Qe7 19. c5 {[#]} c6 $146 {[#]} (19... Kh8 $16) ({Predecessor:} 19... Kg7 20. c6 bxc6 21. dxc6 Be6 22. Nc4 Qf7 23. Nxd6 cxd6 24. Qxd6 Bf4 25. b5 Rad8 {1-0 (54) Danner,G (2375)-Lau,R (2510) Velden 1996}) 20. cxd6 $18 Qd8 {Now ...cxd5 and Black clings on.} 21. Nc4 Re8 (21... fxe4 $142 22. dxc6 bxc6 23. Nxe5 Kh7 24. fxe4 Bg7) 22. Nb6 Rb8 23. dxc6 Bxc6 24. b5 Bxb5 25. Bxb5 Rf8 26. d7 fxe4 27. Nxe4 Kh7 28. Nxf6+ Rxf6 29. Nc4 Qc7 {[#]} 30. Nxe5 $1 Bf4 (30... Qxe5 31. d8=Q) 31. Bg3 Bxg3 32. hxg3 Rd8 33. f4 Qc5+ 34. Kh2 h4 35. Qg4 hxg3+ 36. Kxg3 Kg7 37. Bd3 Rg8 38. Rxb7 Qe3+ 39. Qf3 {Black got outplayed after the opening. Accuracy: White = 100%, Black = 31%.} (39. Rf3 $142 Qe1+ 40. Kh2 Qb4 41. Bxg6 Rd8 42. Bf7+ Kf8 43. Qg8+ Ke7 44. Qe8+ Kd6 45. Rd3+ Qd4 46. Rxd4+ Kc5 47. Rd5#) 1-0

[Event "URU-ch Semi Final 2020"]
[Site "Montevideo"]
[Date "2020.02.25"]
[Round "8.10"]
[White "Lanzilotta, Marcelo"]
[Black "Manteiga, Franco"]
[Result "1-0"]
[WhiteElo "2003"]
[BlackElo "1703"]
[Annotator "TA"]
[PlyCount "97"]
[EventDate "2020.02.22"]
[EventType "swiss"]
[EventCountry "URU"]
[SourceTitle "playchess.com"]
[Source "ChessBase"]
[SourceQuality "1"]

{[%evp 16,97,-23,-20,0,-35,0,-14,0,0,2,13,14,0,2,0,0,-29,-20,-29,-8,-11,14,18,37,23,16,12,14,-47,0,0,-11,-52,-60,-52,0,-58,-35,-25,0,-57,0,-13,95,87,158,12,125,28,10,3,304,0,0,0,7,5,0,0,506,500,585,578,546,551,525,522,643,643,673,671,665,655,669,658,690,633,677,672,1223,1258,774,2616]} 1. e4 c5 2. d3 Nc6 3. Nf3 d6 4. g3 g6 5. Bg2 Bg7 6. O-O e5 7. c3 Nge7 8. Be3 O-O 9. Qd2 b6 {A04: Unusual lines after 1 Nf3 and King's Indian Attack.} 10. a4 {[#]} Bb7 $146 ({Predecessor:} 10... d5 11. Rd1 dxe4 12. dxe4 Qxd2 13. Nfxd2 Be6 14. Na3 Rfd8 15. Bf1 Na5 16. Nac4 Nxc4 17. Nxc4 {½-½ (33) Trumpp,L (2004)-Wuerl,R (1948) Heusenstamm 2018}) 11. Na3 Qd7 {The position is equal.} 12. Nc4 d5 13. exd5 Nxd5 14. Bh6 f6 15. Bxg7 Kxg7 16. h4 Rad8 17. Rfd1 Qc7 18. Qe2 a6 19. h5 b5 20. axb5 axb5 21. Ne3 {Strongly threatening Nxd5.} Nxe3 22. h6+ ({White should play} 22. Qxe3 $11 Ne7 23. Nd2) 22... Kh8 23. Qxe3 Ne7 $1 24. Nh4 Bxg2 25. Kxg2 Qc6+ (25... Rd6 $15) 26. Kh2 (26. Qe4 $11) 26... g5 27. Ng2 Nf5 28. Qe2 (28. Qe4 $11 Qe6 29. Qg4) 28... Ra8 (28... Nxh6 $15 29. Kg1 Qd7) 29. Ne3 Ne7 (29... Nxh6 $11 30. c4 Kg7) 30. Qg4 $16 Rg8 ({Black should try} 30... Ng8) 31. d4 (31. Qe4 $16) 31... exd4 (31... Rxa1 $1 $11 {remains equal.} 32. Rxa1 cxd4 33. cxd4 f5 34. Nxf5 Rf8) 32. cxd4 (32. Rxa8 $16 Qxa8 33. cxd4) 32... Rxa1 $11 33. Rxa1 {aiming for d5!} Rg6 $2 {[%mdl 8192] [#]} (33... f5 $11 34. Nxf5 Rf8) 34. f3 $2 ({White has to play} 34. d5 $1 $18 {[%cal Rd5c6][%mdl 512]} Qc8 (34... Nxd5 35. Qe4) 35. Qxc8+ Nxc8 36. Nf5) 34... cxd4 35. Qxd4 Rxh6+ (35... Qxf3 $5 36. Ng4 $8 Qe2+ 37. Kg1 Qe6 $11) 36. Kg2 Rg6 37. Ra7 Qe6 $2 {[%mdl 8192]} (37... Nf5 $11 38. Nxf5 Qc2+ {[%mdl 64] Double Attack} 39. Qf2 Qxf5) 38. Qd8+ $18 {[%mdl 64] Double Attack. White is clearly winning.} Ng8 39. Qc7 {[%csl Ga7][%cal Rc7h7]} Ne7 40. Qxe7 Qxe7 41. Rxe7 {[%mdl 4096] Endgame KRN-KR} Rg8 42. Rb7 Re8 43. Nf5 h5 44. Rxb5 Re2+ 45. Kf1 Rh2 46. Kg1 Rc2 47. Rb7 Kg8 48. b4 {[%cal Bb2b4,Bb4b5][%mdl 32]} Kf8 49. b5 {Accuracy: White = 66%, Black = 47%.} 1-0

[Event "URU-ch Semi Final 2020"]
[Site "Montevideo"]
[Date "2020.02.25"]
[Round "8.11"]
[White "Dotta, Gian Franco"]
[Black "Izquierdo, Sebastian"]
[Result "1/2-1/2"]
[WhiteElo "2000"]
[BlackElo "1950"]
[Annotator "TA"]
[PlyCount "39"]
[EventDate "2020.02.22"]
[EventType "swiss"]
[EventCountry "URU"]
[SourceTitle "playchess.com"]
[Source "ChessBase"]
[SourceQuality "1"]

{[%evp 16,24,6,2,14,-2,21,-8,16,0,20]} 1. e4 d5 2. exd5 Nf6 3. d4 Nxd5 4. Bc4 c6 5. Nc3 Bf5 6. Nf3 e6 7. O-O Be7 8. Re1 O-O 9. Ne4 {The position is equal.} Nd7 {B02: Alekhine's Defence: Chase Variation and lines with early Nc3.} 10. c3 Bg6 11. Ng3 Bf6 12. Ne4 Be7 {[#] A rather calm draw.} {Predecessor:} 13. Bb3 $146 h6 14. c4 N5f6 15. Ng3 Re8 16. Bd2 Qb6 17. Bc3 Bb4 18. c5 Qa5 19. Bxb4 Qxb4 20. a3 {0-1 (67) Miralles,G (2520)-Kallai,G (2470) Switzerland 1998} 1/2-1/2

[Event "URU-ch Semi Final 2020"]
[Site "Montevideo"]
[Date "2020.02.25"]
[Round "8.12"]
[White "Zaruski, Julio"]
[Black "Garcia, Matias"]
[Result "1-0"]
[WhiteElo "1822"]
[BlackElo "1810"]
[Annotator "NA"]
[PlyCount "95"]
[EventDate "2020.02.22"]
[EventType "swiss"]
[EventCountry "URU"]
[SourceTitle "playchess.com"]
[Source "ChessBase"]
[SourceQuality "1"]
[TimeControl "5400+30"]

{[%evp 9,95,4,5,9,14,13,39,28,43,13,48,0,0,0,0,-10,0,-6,0,0,9,10,7,4,8,2,22,30,22,10,12,-14,2,0,32767,-27,-4,0,207,41,281,148,424,272,263,276,295,279,258,224,241,200,222,207,250,158,158,47,139,122,370,427,387,427,442,307,326,349,364,392,411,419,506,432,32767,421,32767,32767,32767,32767,32767,32767,688,746,1684,6408,29987,29988]} 1. d4 {[%emt 0:00:44]} Nf6 {[%emt 0:00:00]} 2. Bf4 {[%emt 0:01:14]} e6 {[%emt 0:00:23]} 3. Nf3 {[%emt 0:00:36]} c5 {[%emt 0:00:45]} 4. c3 {[%emt 0:00:40]} b6 {[%emt 0:00:37]} 5. e3 {[%emt 0:00:44]} Bb7 {[%emt 0:00:08]} 6. Nbd2 {[%emt 0:02:03]} Nc6 {[%emt 0:03:05] A47: 1 d4 Nf6 2 Nf3 b6: Torre, London and Colle Systems.} 7. Bd3 {[%emt 0:03:26]} cxd4 {[%emt 0:01:08]} 8. exd4 {[%emt 0:00:15]} Be7 {[%emt 0:02:00]} 9. Qe2 {[%emt 0:00:47]} d6 {[%emt 0:02:24]} (9... Nh5 $5 {[%cal Rh5f4]} 10. Be3 O-O $11) 10. Ba6 {[%emt 0:00:49]} ({White should try} 10. h3 $14) 10... Bxa6 {[%emt 0:02:04]} 11. Qxa6 {[%emt 0:00:08]} O-O {[%emt 0:00:56] [#]} 12. h3 $146 {[%emt 0:00:53]} ({Predecessor:} 12. Qe2 Qd7 13. O-O Rac8 14. h3 Nd5 15. Bh2 Na5 16. c4 Nf6 17. Rfe1 d5 18. Ne5 {0-1 (37) Rogai,S (2015)-Boscolo,M (2129) Fermo 2010}) 12... Qd7 {[%emt 0:01:56]} 13. O-O {[%emt 0:00:17]} h6 {[%emt 0:02:25]} 14. Qd3 {[%emt 0:02:14]} Rad8 {[%emt 0:02:46]} 15. Bg3 {[%emt 0:00:22]} Rfe8 {[%emt 0:01:19]} 16. Rfe1 {[%emt 0:00:42]} Qb7 {[%emt 0:07:28]} 17. Ne4 {[%emt 0:01:55]} Nb8 {[%emt 0:04:19]} 18. Nxf6+ Bxf6 19. Qc2 {[%emt 0:03:17]} b5 {[%emt 0:02:14]} 20. Re3 {[%emt 0:00:36]} a5 {[%emt 0:01:00]} 21. Rae1 {[%emt 0:00:11]} Qb6 {[%emt 0:02:48]} 22. Bh4 {[%emt 0:03:40]} (22. d5 $5 e5 23. Nd4 $11 {[%mdl 64] Back Rank}) 22... Bxh4 {[%emt 0:04:49]} 23. Nxh4 {[%emt 0:00:14]} Rc8 $2 {[%emt 0:01:24] [#]} (23... d5 $11) 24. Qe2 {[%emt 0:03:54]} (24. d5 $1 $16 {[%cal Rd5e6]} Qd4 25. Qe4 (25. cxd4 Rxc2 26. Nf5 Rf8 $16) (25. dxe6 Qxh4 26. exf7+ {[%mdl 64] Discovered Attack} Kxf7 $16) 25... Qxe4 26. Rxe4) 24... b4 $2 {[%emt 0:03:44] [#]} (24... d5 $14) 25. Qg4 {[%emt 0:00:31]} (25. d5 $1 $18 {[%cal Rd5e6][%mdl 512] is the precise move to win.} e5 (25... exd5 26. Rxe8+) 26. Rg3) 25... Kh8 $2 {[%emt 0:02:44] [#]} (25... Qb5 $16) 26. Nf5 $1 {[%emt 0:02:30]} Rg8 {[%emt 0:04:11]} 27. Ne7 $1 {[%emt 0:00:13] Double Attack} bxc3 {[%emt 0:02:17]} 28. bxc3 {[%emt 0:00:14]} ({Resist} 28. Nxc8 Rxc8 29. Rxc3 Rxc3 $18) 28... Nd7 {[%emt 0:01:14]} 29. Nxg8 {[%emt 0:01:30]} ({Not} 29. Nxc8 Rxc8 $18 30. Rg3 Rg8 $16) 29... Rxg8 {[%emt 0:01:33]} 30. Qh5 {[%emt 0:04:16]} Rf8 {[%emt 0:01:13]} 31. Rf3 {[%emt 0:00:35]} Kg8 {[%emt 0:07:43]} 32. Kh2 {[%emt 0:04:59]} d5 {[%emt 0:03:38]} 33. Ree3 {[%emt 0:01:59]} ({White should try} 33. Qg4 $16) 33... Qd8 {[%emt 0:01:41]} (33... Qb8+ $1 $14 34. Rg3 Nf6) 34. Rg3 {[%emt 0:00:49]} Kh7 $2 {[%emt 0:01:11] [#]} (34... Kh8 $16 35. Qg4 Rg8) 35. Rxe6 $1 {[%emt 0:04:55]} Nf6 {[%emt 0:01:17]} 36. Qf5+ {[%emt 0:00:10]} Kh8 {[%emt 0:00:55]} 37. Re5 {[%emt 0:01:47]} Qd6 {[%emt 0:01:34]} 38. Kg1 {[%emt 0:03:22]} a4 {[%emt 0:00:41]} 39. Rge3 {[%emt 0:09:53]} a3 {[%emt 0:00:49]} 40. g4 {[%emt 0:01:06]} Rb8 {[%emt 0:02:21]} 41. Kg2 {[%emt 0:00:54]} g6 {[%emt 0:02:12]} 42. Qf4 {[%emt 0:05:05]} Kg7 {[%emt 0:00:01]} 43. c4 {[%emt 0:05:31]} Nd7 {[%emt 0:02:12]} 44. c5 {[%emt 0:00:52]} Qc7 {[%emt 0:00:19]} 45. Rf5 {[%emt 0:00:08]} Qxf4 {[%emt 0:03:15]} 46. Rxf4 {[%emt 0:03:16]} Rb4 {[%emt 0:00:43]} 47. c6 {[%emt 0:00:27]} Nb6 {[%emt 0:00:22]} 48. Re7 {[%emt 0:03:33]} 1-0